[Event "CRO-chT2S"]
[Site "Makarska"]
[Date "2013.04.05"]
[Round "1.6"]
[White "Stanic, Mili"]
[Black "Milosavljevic, Jovan"]
[Result "0-1"]
[WhiteElo "1997"]
[BlackElo "2071"]
[PlyCount "74"]
[EventDate "2013.04.05"]
[EventType "team-tourn"]
[EventRounds "9"]
[EventCountry "CRO"]
[SourceTitle "EXT 2014"]
[Source "ChessBase"]
[SourceDate "2013.11.20"]
[SourceVersion "1"]
[SourceVersionDate "2013.11.20"]
[SourceQuality "1"]
[WhiteTeam "Omis"]
[BlackTeam "Split Mornar"]
[WhiteTeamCountry "CRO"]
[BlackTeamCountry "CRO"]

1. e4 c5 2. Nf3 d6 3. d4 cxd4 4. Nxd4 a6 5. Nc3 Nc6 6. Be3 Nf6 7. Be2 Qc7 8. f3 e6 9. Nxc6 Qxc6 10. 0-0 b5 11. Bd3 Be7 12. Ne2 0-0 13. Nd4 Qc7 14. Qd2 Bb7 15. Bf2 Rfd8 16. Rfe1 d5 17. e5 Nd7 18. f4 Nc5 19. Nb3 Ne4 20. Bxe4 dxe4 21. Qe2 Rac8 22. c3 Bd5 23. Nd2 f5 24. exf6 gxf6 25. g3 f5 26. Bd4 Bc5 27. Qe3 Qb6 28. Bxc5 Qxc5 29. Qxc5 Rxc5 30. a3 Kf7 31. Rad1 Ke7 32. Kf1 Rc7 33. Ke2 Rcd7 34. Ke3 Bb3 35. Nxb3 Rxd1 36. Re2 R8d3+ 37. Kf2 Kd6 0-1